000 00878nam a22001937a 4500
999 _c57095
_d57095
005 20191118111430.0
008 191118s2013 enk||||| |||| 00| 0 eng d
020 _a9789941062636
041 _aeng
_hgeo
080 _a327(479.22)"20.." G-37
245 _aGeorgian foreign policy :
_bthe quest for sustainable security /
_ced. by Kornely Kakachia and Michael Cecire.
264 _aTbilisi :
_bKonrad-Adenauer-Stiftung,
_c2013.
300 _a219 p. ;
_c 23 cm.
653 _aსაქართველოს საგარეო პოლიტიკა XXI ს. საქართველოს საერთაშორისო ურთიერთობები XXI ს
653 _aპოლიტიკა
700 _a Kakachia, Kornely
_eრედაქტორი
_95377
700 _aCecire, Michael
_eრედაქტორი
_95378
942 _2udc
_cBK